|
|
|
|
| LEADER |
00581cam a2200169 7i4500 |
| 001 |
0000016191 |
| 005 |
20050909090000.0 |
| 022 |
0 |
0 |
|a 1740-9632
|
| 090 |
0 |
0 |
|a PALE 330.9
|b PAL
|
| 245 |
0 |
0 |
|a Palestinian Territories :
|b EIU country profile 2005.
|
| 260 |
0 |
0 |
|a London:
|b The Economist Intelligence Unit,
|c 2005.
|
| 300 |
# |
# |
|a 66 p.
|
| 650 |
0 |
0 |
|a Palestine --
|x Country profile
|
| 651 |
0 |
0 |
|a Palestine
|
| 999 |
|
|
|a SBH000307B
|b Book
|c Countries
|e MATRADE Sabah
|
| 999 |
|
|
|a PNG000317B
|b Book
|c Countries
|e MATRADE Northern Regional Office
|
| 999 |
|
|
|a B000017434
|b Book
|c Countries
|e Business Information Centre
|